[Event "O PROBLEMA DO NORDESTE É POLÍT"]
[Site "http://www.queenalice.com/game.php?id=336580"]
[Date "2008.1.15"]
[Round "-"]
[White "AASFIGUEIREDO"]
[Black "cacimba_seca"]
[Result "1-0"]
[WhiteElo "1746"]
[BlackElo "1691"]

1. e4 e5 2. Nf3 Bd6 3. Bc4 Nc6 4. d3 Qf6 5. Bg5 Qg6 6. Qd2 Nb4 7. Nc3 f6 8. a3
fxg5 9. axb4 Bxb4 10. Nxe5 Qb6 11. Nf7 Be7 12. Nxh8 Qxb2 13. Rb1 Qa3 14. Bxg8
Bb4 15. Rb3 Qa1+ 16. Qd1 Bxc3+ 17. Rxc3 Qxc3+ 18. Qd2 Qxd2+ 19. Kxd2 a5 20. Bc4
a4 21. Nf7 Ke7 22. Nxg5 h6 23. Nf3 c5 24. Ra1 b6 25. Bb5 a3 26. c4 Ba6 27. Rxa3
Bb7 28. Rxa8 Bxa8 29. Ne5 Ke6 30. Nxd7 g5 31. Nxb6 Bb7 32. Ke3 Ke7 33. d4 cxd4+
34. Kxd4 Kd6 35. c5+ Kc7 36. f3 Kd8 37. c6 Kc7 38. cxb7 Kxb7 39. e5 Kxb6 40. e6
Kxb5 41. e7 g4 42. e8=Q+ Kb4 43. Qb8+ Ka3 44. Kc3 Ka4 45. Qb4# 1-0

[Event "o problema do NE É POLÍTICO"]
[Site "http://www.queenalice.com/game.php?id=336581"]
[Date "2008.1.15"]
[Round "-"]
[White "cacimba_seca"]
[Black "CJ"]
[Result "0-1"]
[WhiteElo "1621"]
[BlackElo "1623"]

1. e4 e5 2. Bc4 Nh6 3. Qf3 Bc5 4. d3 O-O 5. Bxh6 Qf6 6. Qg3 g6 7. Bxf8 Bxf8 8.
h4 d6 9. h5 g5 10. Qg4 Bxg4 11. Bd5 c6 12. f3 cxd5 13. fxg4 Qf4 14. Ne2 Qxg4 15.
g3 dxe4 16. Nbc3 exd3 17. cxd3 Nc6 18. a3 Bg7 19. Nd5 e4 20. Ne3 Qf3 21. Rg1
exd3 22. Rg2 dxe2 23. Kd2 Bxb2 24. Re1 Nd4 25. h6 Qc6 26. Rgxe2 Nxe2 27. Kxe2
Re8 28. Kd1 Qc1+ 0-1

[Event "FOGÃO DE 6 BOCAS"]
[Site "http://www.queenalice.com/game.php?id=347609"]
[Date "2008.2.3"]
[Round "-"]
[White "cacimba_seca"]
[Black "Drica"]
[Result "0-1"]
[WhiteElo "1648"]
[BlackElo "1503"]

1. e4 e5 2. Qh5 Qe7 3. Nc3 Nf6 4. Qf5 g6 5. Qg5 Nxe4 6. Qxe7+ Bxe7 7. Nxe4 h5 8.
h4 b6 9. Bc4 Bb7 10. Nf3 Bxe4 11. d3 Bb4+ 12. c3 Bxf3 13. gxf3 Bc5 14. b4 Bd6
15. Bg5 c5 16. bxc5 Bxc5 17. a4 a5 18. Bf6 Rg8 19. Bd5 Nc6 20. O-O Be7 21. Bxe5
Nxe5 22. Bxa8 Nxd3 23. Kg2 Bxh4 24. Rad1 Nf4+ 25. Kh1 Ke7 26. Rde1+ Kf6 27. Re4
Rxa8 28. Rxf4+ Kg5 29. Rxf7 Rc8 30. Rc1 Bxf2 31. Rxd7 Be3 32. Rd5+ Kf4 33. Rf1
Rxc3 34. Rd6 Rc1 35. Rxc1 Bxc1 36. Kg2 g5 37. Rxb6 g4 38. Kf2 Be3+ 39. Ke2 Bxb6
40. Kd3 gxf3 41. Kc4 f2 42. Kb5 Bd8 43. Kc6 f1=Q 44. Kd7 Qd3+ 45. Kc6 Qc4+ 46.
Kd6 Qxa4 47. Kd5 Qe4+ 48. Kc5 Be7+ 49. Kb6 Qb4+ 50. Ka6 h4 0-1

[Event "Challenge"]
[Site "http://www.queenalice.com/game.php?id=353208"]
[Date "2008.2.12"]
[Round "-"]
[White "cacimba_seca"]
[Black "technicaldraw"]
[Result "0-1"]
[WhiteElo "1706"]
[BlackElo "1894"]

1. e4 e6 2. d3 d5 3. e5 c5 4. Bf4 Nc6 5. c3 Nge7 6. g4 Ng6 7. Nh3 Ncxe5 8. Bxe5
Nxe5 9. Qe2 Ng6 10. Qf3 Bd6 11. Ng5 Qxg5 12. Nd2 Bd7 13. a4 Ne5 14. h4 Nxf3+ 15.
Nxf3 Qf4 16. Nh2 O-O-O 17. Be2 d4 18. c4 Bc6 19. f3 Qg3+ 20. Kd2 Bf4+ 21. Kd1
Qg2 22. Re1 Qxh2 23. b3 Bxf3 24. Ra2 Bxe2+ 25. Raxe2 Qxh4 26. Rg1 e5 27. a5 Be3
28. Rge1 Qxg4 29. Kc2 h5 30. Ra1 Qxe2+ 31. Kb1 Qxd3+ 32. Ka2 Qc3 33. a6 d3 34.
Rb1 Qa5+ 35. Kb2 bxa6 36. Re1 Qxe1 37. Ka2 Bd4 0-1

[Event "Challenge"]
[Site "http://www.queenalice.com/game.php?id=353209"]
[Date "2008.2.12"]
[Round "-"]
[White "cacimba_seca"]
[Black "technicaldraw"]
[Result "0-1"]
[WhiteElo "1670"]
[BlackElo "2004"]

1. e4 e6 2. g3 d5 3. e5 c5 4. a4 Qc7 5. f4 Nc6 6. c3 Be7 7. Qg4 g6 8. Bb5 a6 9.
Bd3 Nh6 10. Qh3 Nf5 11. Nf3 Bd7 12. g4 Ng7 13. Qh6 O-O 14. Rg1 f6 15. Rg3 f5 16.
g5 Kf7 17. Qxh7 Rh8 18. Qh3 Rxh3 19. Rxh3 c4 20. Bf1 Na5 21. Nd4 Nb3 22. Ra2
Nxc1 23. Ra1 Nb3 24. Nxb3 cxb3 25. a5 Bb5 26. d3 Nh5 27. Rh4 Bxg5 28. fxg5 Qxe5+
29. Kd2 f4 30. Rh3 Rc8 31. Na3 Qxg5 32. Re1 f3+ 33. Kd1 Qf5 34. Re3 Qg5 35.
Rhxf3+ Ke7 36. Re1 Nf4 37. Nxb5 axb5 38. d4 Rh8 39. Rf2 Qg4+ 40. Kd2 b4 41. Be2
Nxe2 42. Rfxe2 bxc3+ 43. bxc3 Qf4+ 44. Kd1 Qf3 45. Kd2 b2 46. Kc2 b1=Q+ 47. Kxb1
Qf5+ 48. Kb2 Ra8 49. Ra1 Qf3 50. Rae1 Qf5 51. Ra1 Qd3 52. Rc2 Qb5+ 53. Kc1 Rxa5
54. Rb1 Qf1+ 55. Kb2 Rb5+ 56. Ka2 Qxb1+ 57. Ka3 Qb3# 0-1

[Event "Challenge"]
[Site "http://www.queenalice.com/game.php?id=356260"]
[Date "2008.2.18"]
[Round "-"]
[White "anakarine"]
[Black "cacimba_seca"]
[Result "0-1"]
[WhiteElo "1633"]
[BlackElo "1666"]

1. d4 b6 2. e4 d5 3. Nc3 a6 4. exd5 Nf6 5. Bc4 Nbd7 6. Nf3 Bb7 7. Bf4 b5 8. Bd3
c6 9. Bg5 Ng4 10. d6 f6 11. dxe7 Bxe7 12. h3 Nxf2 13. Kxf2 fxg5 14. Re1 Qc7 15.
Qe2 Nf6 16. Nxg5 O-O 17. Ne6 Ng4+ 0-1

[Event "Challenge"]
[Site "http://www.queenalice.com/game.php?id=356262"]
[Date "2008.2.18"]
[Round "-"]
[White "cacimba_seca"]
[Black "anakarine"]
[Result "1-0"]
[WhiteElo "1602"]
[BlackElo "1617"]

1. e3 d5 2. d4 e6 3. Qf3 Nf6 4. a3 a6 5. Bd3 h6 6. a4 Nc6 7. Bd2 Bd6 8. c4 Bd7
9. Nh3 Nb4 10. e4 Nxd3+ 11. Qxd3 dxe4 12. Qe3 e5 13. d5 Bxa4 14. O-O Bb3 15. Qe2
O-O 16. f4 Bc5+ 17. Kh1 exf4 18. Rxf4 Bd4 19. Bc3 Bxc3 20. Nxc3 Qd6 21. Nxe4 Qe7
22. Nxf6+ Qxf6 23. Rxf6 gxf6 24. Qh5 Kg7 25. Ra3 Bxc4 26. Rg3+ Kh7 27. Qf5+ Kh8
28. Qxf6+ 1-0